مكتبة جامعة عجلون الوطنية

فهرس بحث المكتبة

Normal view MARC view
  • لغات-تعلم وتعليم-الولايات المتحدة الأمريكية. قراءة-تعلم وتعليم (أساسي)-الولايات المتحدة الأمريكية. كتابة-تعلم وتعليم-الولايات المتحدة الأمريكية

Entry Topical Term

Number of records used in: 1

001 - CONTROL NUMBER

  • control field: 34852

003 - CONTROL NUMBER IDENTIFIER

  • control field: JO-AjAnu

005 - DATE AND TIME OF LATEST TRANSACTION

  • control field: 20230606075832.0

008 - FIXED-LENGTH DATA ELEMENTS

  • fixed length control field: 230606|| aca||aabn | a|a d

040 ## - CATALOGING SOURCE

  • Original cataloging agency: JO-AjAnu
  • Transcribing agency: JO-AjAnu

150 ## - HEADING--TOPICAL TERM

  • Topical term or geographic name entry element: لغات-تعلم وتعليم-الولايات المتحدة الأمريكية. قراءة-تعلم وتعليم (أساسي)-الولايات المتحدة الأمريكية. كتابة-تعلم وتعليم-الولايات المتحدة الأمريكية

670 ## - SOURCE DATA FOUND

  • Source citation: Work cat.: (JO-AjAnu)17898: l مؤلف/ جمل،محمد جهاد مراجع/حرب،سناء مترجمة Morrow, Lesley Mandel, author 34851, تطوير تعلم مهارتي القراءة والكتابة في السنوات الأولى:مساعدة الأطفال على القراءة والكتابة= Literacy Development In The Early Years : Helping Children Read and Write